Environmental management systems (Record no. 78559)
[ view plain ]
| 000 -LEADER | |
|---|---|
| fixed length control field | 01038cab a22002175a 4500 |
| 001 - CONTROL NUMBER | |
| control field | L137148 |
| 008 - FIXED-LENGTH DATA ELEMENTS--GENERAL INFORMATION | |
| fixed length control field | 070316e2007 xxk 000 0 eng d |
| 035 ## - SYSTEM CONTROL NUMBER | |
| System control number | (Sirsi) u137148 |
| 041 ## - LANGUAGE CODE | |
| Language code of text/sound track or separate title | eng |
| 100 1# - MAIN ENTRY--PERSONAL NAME | |
| Personal name | Walker, David |
| 245 00 - TITLE STATEMENT | |
| Title | Environmental management systems |
| Remainder of title | information management and corporate responsibility |
| 260 ## - PUBLICATION, DISTRIBUTION, ETC. | |
| Date of publication, distribution, etc. | 2007 |
| 490 #0 - SERIES STATEMENT | |
| Series statement | Journal of Facilities Management |
| Volume/sequential designation | 5(1) 2007, 49-61(13) |
| 520 ## - SUMMARY, ETC. | |
| Summary, etc. | Discusses how environmental systems help achieve overall sustainability within organizations through reducing the ecological impacts of economic activities and through improving corporate environmental care. Discusses the evolution of environmental management systems from a legal obligation to a driver for commercial advantage, and discusses the role facilities management can play in organizations. |
| 590 ## - LOCAL NOTE (RLIN) | |
| Local note | KA |
| 651 #4 - SUBJECT ADDED ENTRY--GEOGRAPHIC NAME | |
| Geographic name | United Kingdom |
| Chronological subdivision | |
| 690 ## - LOCAL SUBJECT ADDED ENTRY--TOPICAL TERM (OCLC, RLIN) | |
| Topical term or geographic name as entry element | ENVIRONMENTAL AND LAND CONSULTANCY-ENVIRONMENTAL MANAGEMENT |
| 700 1# - ADDED ENTRY--PERSONAL NAME | |
| Personal name | Pitt, Michael |
| Titles and other words associated with a name | Sir |
| 700 1# - ADDED ENTRY--PERSONAL NAME | |
| Personal name | Thakur, Urmila Jha |
| 942 ## - ADDED ENTRY ELEMENTS (KOHA) | |
| Suppress in OPAC | 0 |
| Withdrawn status | Lost status | Source of classification or shelving scheme | Damaged status | Not for loan | Home library | Current library | Shelving location | Date acquired | Total Checkouts | Full call number | Barcode | Date last seen | Copy number | Price effective from | Koha item type |
|---|---|---|---|---|---|---|---|---|---|---|---|---|---|---|---|
| Dewey Decimal Classification | London | London | Journal article | 16/03/2007 | L137148 | 137148-1001 | 06/08/2019 | 1 | 06/08/2019 | Journal article |